000 00858cam a22002771 4500
001 4997
003 BD-RjUL
005 20211208234006.0
008 160806s1939 enk 001 0 eng
020 _c(V-2)
035 _a(BD-RjUL) 5033
040 _aDLC
_cFO
_dOCoLC
_dDLC
_dBD-RjUL
_beng
041 _aeng
082 0 0 _a342.4204
_bSEL 1939
_223
245 0 0 _aSelected speeches on the constitution /
_cedited by Cecil S. Emden
260 _aLondon :
_bOxford University Press, H. Milford,
_c1939.
300 _aVol. ;
_c15 cm.
490 _aThe world's classics ;
_v479-480
505 0 _aVol. 2---
650 0 _aConstitutional law
_zGreat Britain.
_911694
650 0 _aSpeeches, addresses, etc., English.
_915724
700 _aEmden, Cecil Stuart
_9142981
830 _aThe world's classics ;
_v479-480
_9142982
942 _2ddc
_cBK
999 _c4997
_d4997